Normal view
MARC view
- English Language - Study and teaching - Foreign
Entry Topical Term
001 - CONTROL NUMBER
- control field: 5960
003 - CONTROL NUMBER IDENTIFIER
- control field: JO-AjAnu
005 - DATE AND TIME OF LATEST TRANSACTION
- control field: 20230606071252.0
008 - FIXED-LENGTH DATA ELEMENTS
- fixed length control field: 230606|| aca||aabn | a|a d
040 ## - CATALOGING SOURCE
- Original cataloging agency: JO-AjAnu
- Transcribing agency: JO-AjAnu
150 ## - HEADING--TOPICAL TERM
- Topical term or geographic name entry element: English Language - Study and teaching - Foreign
670 ## - SOURCE DATA FOUND
- Source citation: Work cat.: (JO-AjAnu)3088: Newton jonathan M. , Dana R.Ferris , Christine C.M. Goh, William Grabe, Fredrickal L. Stoller, Larry Vandergrit , author 5959, Teaching English to Second Language Learners in Academic Contexts: Reading, Writing, Listening, and Speaking